Datum a čas kvízu
26
Celkem bodů
Celkový počet nahraných bodů na tomto kvízu bez doplňovacích otázek.
3.
Pořadí na kvízu
Konečné umístění týmu na tomto kvízu.
Zaznamenané odpovědi
| # | Otázka | Odpověď | Body | Výsledky |
|---|---|---|---|---|
| 1. | Bývalá pražská primátorka Adri... | C) detektivní román | 1 | |
| 2. | Kanadská společnost Flash Fore... | drony | 1 | |
| 3. | Minulý týden byla zapsána na s... | vamberecká (krajka) | 1 | |
| 4. | Skupina Kofola oznámila po krá... | (F. H.) Prager | 1 | |
| 5. | Ve čtvrtek začalo mistrovství... | o házené (mužů) | 1 | |
| 6. | Rožnovský tým Kačeři vyhrál mo... | Dave Gahan | 1 | |
| 7. | Která skladba "Depešáků" je ne... | Enjoy the Silence | 0 | |
| 8. | Podle čeho si tato kapela vybr... | B) podle časopisu | 0 | |
| 9. | Gary Numan, Ultravox, Devo...... | synthpop | 0 | |
| 10. | Depešáci ovlivnili řadu hudebn... | Shalom | 1 |